LEADER 01006nam a2200253 i 4500 001 991002995249707536 008 060510s2003 ilua 001 0 eng d 020 $a1566379776 035 $ab13613509-39ule_inst 040 $aDip.to Ingegneria dell'Innovazione$beng 082 0 $a620.0045$221 100 1 $aMadsen, David A.$0626751 245 10$aGeometric dimensioning and tolerancing /$cby David A. Madsen 260 $aTinley Park, (Ill) :$bGoodheart-Willcox,$cc2003 300 $a359 p. :$bill. (some col.) ;$c28 cm 500 $aIncludes index 650 4$aEngineering drawings$xDimensioning 650 4$aTolerance (Engineering) 907 $a.b13613509$b28-01-14$c05-11-07 912 $a991002995249707536 945 $aLE026 620.0045 MAD 01.01 2003$g1$i2026000038476$lle026$nProf. Morabito / Biblioteca$op$pE47.90$q-$rl$s- $t4$u1$v0$w1$x0$y.i14598632$z08-11-07 996 $aGeometric dimensioning and tolerancing$91216644 997 $aUNISALENTO 998 $ale026$b10-05-06$cm$da $e-$feng$gilu$h0$i0